000 01390nam0a22002771 4500
001 rc\3705624
005 20130115152652.2
021 _aRU
_b[70-75379]
035 _a(NLR Aleph) 007855825
090 _a7789973
_c7789973
100 _a20130115d1970 |||y0rusy50 ca
101 0 _arus
102 _aRU
105 _ay z |||||
200 1 _aПрименение методики технико-экономического обоснования автоматизации управления производством
_fО-во "Знание" УССР. Киевский дом науч.-техн. пропаганды. Заоч. семинар "Опыт применения руководящих техн. материалов при проектировании систем автоматизир. управления производством"
210 _aКиев
_cБ. и.
_d1970
215 _a20 с.
_d20
300 _aНа обл. авт. не указаны
606 _aАвтоматизированные системы планирование и управления
_xЭкономическая эффективность
_2psbo
700 1 _aКолодный
_bМ. Г.
_gМарк Григорьевич
701 1 _aТерещенко
_bС. П.
801 0 _aRU
_bNLR
_gpsbo
801 1 _aRU
_bELAR
_2rusmarc
852 _aNLR
_j70-4/24920
942 _cBOOK
980 _aNB